[Event "Sigeman & Co"]
[Site "Malmoe SWE"]
[Date "2001.06.18"]
[Round "7"]
[White "Berg, Emanuel"]
[Black "Hector, Jonny"]
[Result "1/2-1/2"]
[WhiteElo "2474"]
[BlackElo "2546"]
[Annotator "Kindermann"]
[PlyCount "85"]
[EventDate "2001.06.12"]

1. e4 e5 2. f4 {Der 20-jaehrige ausserordentlich talentierte Schwede, der in
diesem Turnier schon mit zwei Auftaktsiegen gegen Curt Hansen und Nick de
Firmian auf sich aufmerksam machte, liefert nun eine spezielle Mutprobe: 
 Gegen Johny Hector, den gefuerchteten Taktiker und Schachromantiker
provoziert er ein Duell auf dessen ureigenstem Terrain!} 2... exf4 3. Nf3 3...
Nf6 {Die sehr seltene Schallopverteidigung.} 4. e5 4... Ne4 {ein weiteres
rares Gewaechs, fast ausschliesslich wird (und wurde) hier der Springerzug
nach h5 gewaehlt.} (4... Ne4) (4... Nh5 5. d4 (5. Be2 $5) 5... d5) 5. d4 (5. d3
Ng5 6. Bxf4 Nxf3+ (6... Ne6 7. Be3 d6 8. d4 dxe5 9. Nxe5 Bd6 10. Nf3 Nf4 11.
Qd2 Nd5 12. Bc4 Nxe3 13. Qxe3+ Qe7 14. Qxe7+ Kxe7 15. O-O f6 16. Nc3 Kd8 17.
Ne4 Be7 18. Rad1 Nd7 19. Rfe1 c6 20. Bb3 Re8 21. d5 cxd5 22. Bxd5 Kc7 23. Nd6
Bxd6 24. Rxe8 Bc5+ 25. Kh1 Nb6 26. Rg8 g5 27. Rg7+ Bd7 28. Be6 {
1-0 Iuldachev,S-Vladimirov,E/Kelamabakkam  sp 00/9 2000 (28)}) 7. Qxf3 d6 8.
Be2 Nc6 9. exd6 Bxd6 10. c3 O-O 11. O-O Qe7 12. Bxd6 Qxd6 13. Nd2 Ne5 14. Qg3
Qb6+ 15. d4 Qxb2 16. dxe5 Qxd2 17. Bc4 17... Be6 {
1/2-1/2 Arnason,J-Zaitsev,I/Sochi 1980/MCD (17)}) 5... d5 6. Bxf4 c5 7. Bd3 {
spaetestens hier bewegen wir uns auf Neuland und die beiden Helden muessen
ihre Intuition und Findigkeit unter Beweis stellen.} (7. Nc3 {
erscheint beachtlich.} 7... Nc6 8. Nxe4 dxe4 9. d5 Nb4 10. Ng5 Be7 11. Bb5+ Kf8
12. Qh5 Bxg5 13. Bxg5 Qxd5 14. O-O Nxc2 15. Rac1 Nd4 16. Bc4 {
1-0 Vega Holm,F-Padron,J/Cala Galdana 1994/EXT 97 (16)}) 7... Qb6 8. O-O {
Von hier ab zeigt der junge Schwede seine tiefe Verachtung jeglichenmaterialist
ischen Denkens. Eine objektive Kommentierung scheint mir hier schwierig bis
unmoeglich, bewundern Sie einfach Mut und Unverfrorenheit des Anziehenden in
der kommenden Partiephase!!} 8... cxd4 9. Nbd2 Bf5 10. Nb3 Bc5 11. a4 a6 12. a5
Qa7 13. Nxc5 Qxc5 14. b4 {Na klar, auf den kam`s auch nicht mehr an!} 14...
Qxb4 15. Bc1 {eine brillante Idee, so wird die schwarze Rochade verhindert und
der gegnerische Monarch im Zentrum festgehalten. Der Preis ist jedoch hoch!}
15... Nc6 16. Ba3 16... Qxa5 {Hector laesst sich nicht lumpen und spielt
ebenfalls im Stil des 19.Jahrhunderts, als es noch als Feigheit und Schande
galt, Opferangebote zu verschmaehen!} 17. Bf8 {aha, jetzt will er wohl auf g7
zu zuschnappen und wenigstens einen Bauern zurueckholen!?} 17... Qc7 18. Bxe4
Bxe4 19. Bd6 $5 {Niemals!!} (19. Bxg7 Rg8 20. Bf6 Nb4) 19... Qd7 20. Ng5 20...
f6 {ist die weisse Attacke damit widerlegt?} 21. Nxe4 dxe4 22. Qh5+ g6 (22...
Qf7 23. Qg4) 23. Qh4 f5 24. g4 $1 {
die schwarze Position muss um jeden Preis aufgebrochen werden!} (24. Qf6 Rg8
25. e6 Qg7) 24... Qe6 {wie verstaerkt Weiss jetzt den Druck gegen f5?} 25. Rfb1
{gar nicht, hier geht`s weiter! Eine Ueberaschung jagt die andere, bisher
haette ich die wenigsten weissen Zuege vorhergesehen!} 25... Ra7 26. Rb6 {
mit drei Minusbauern schaltet Weiss nun auf"positionelle" Gangart um.} 26...
Nxe5 {Der vierte Happen!} 27. Bxe5 27... Qxe5 {was nun?} 28. Ra5 $3 {
ob korrekt oder nicht, eine irre Idee!} 28... Qg7 $5 {Auch Hector beweist Mut
und spielt mit hoechstem Risiko, im anderen Abspiel haette er das
Unentschieden in der Hand.} (28... Qxa5 {Danach sieht mein Analyseprogramm den
Schwarzen mit mehr als neun Bauerneinheiten im Vorteil, den naechsten stillen
Zug zieht es jedoch nicht in Betracht...} 29. Qf6 $1 (29. Re6+ $6 29... Kd7)
29... Qe1+ (29... Kd7 30. Qg7+ Kc8 31. Qxh8+ Kc7 32. Rb1) 30. Kg2 Qe2+ 31. Kg1
Qxg4+ 32. Kh1 Qd1+ 33. Kg2 Qxc2+ 34. Kg1 Qd1+ 35. Kg2 {
und mir ist nicht klar, ob Schwarz etwas besseres als Dauerschach hat!?}) 29.
Re6+ Kd7 30. Rae5 {Jetzt haette ich als Schwarzer definitiv Angst!} 30... Kc8 {
stellt de facto einTurmopfer dar und entspricht absolut dem Geist der Partie.}
(30... Qf8 {will mein Analyseprogramm sehen..} 31. Re7+ Kc8 32. gxf5 gxf5 33.
Qf4 {...danach jedoch fuehlt es sich gar nicht mehr wohl!}) 31. Re8+ Rxe8 32.
Rxe8+ Kd7 33. Qd8+ Kc6 34. Re6+ Kc5 35. Qb6+ Kc4 36. Qb3+ Kc5 37. Qb6+ Kc4 38.
Qxa7 {hat Weiss nicht jetzt einfach einen Turm mehr?} 38... Qh6 $1 {Die Pointe,
seltsamerweise verfuegt der Anziehende ueber kein (sinnvolles) Schachgebot,
waehrend der weisse Koenig keine Zuflucht vor der aufdringlichen Dame findet.}
39. Qxb7 Qe3+ 40. Kf1 Qf3+ 41. Kg1 Qxg4+ 42. Kf1 Qd1+ 43. Kg2 {
eine erfrischende Partie!} (43. Kg2 Qf3+ (43... Qxc2+ $2 44. Kh3 Qc3+ 45. Kh4
Qe1+ 46. Kg5 {und der Koenig entkommt.})) 1/2-1/2

[Event "Sigeman & Co"]
[Site "Malmoe SWE"]
[Date "2001.06.20"]
[Round "9"]
[White "Berg, Emanuel"]
[Black "Sokolov, Ivan"]
[Result "1-0"]
[WhiteElo "2474"]
[BlackElo "2659"]
[Annotator "Kindermann"]
[PlyCount "49"]
[EventDate "2001.06.12"]

1. e4 e5 2. Nf3 Nc6 3. d4 exd4 4. Nxd4 Nf6 5. Nc3 {Dieses Abspiel gilt als
relativ harmlos und recht remistraechtig. Psychologisch gesehen jedoch war es
wohl eine kluge Wahl: Da ein Sieg gegen den nominell schwaechsten Teilnehmer
Sokolov bei guenstigem Verlauf noch auf den alleinigen ersten Rang gehievt
haette, wollte dieser sicherlich auch mit den schwarzen Steinen auf Gewinn
spielen...} (5. Nxc6 bxc6 6. e5 Qe7 7. Qe2 Nd5 8. c4 {
ist die aktuelle und kritische Hauptvariante.}) 5... Bb4 6. Nxc6 bxc6 7. Bd3
O-O 8. O-O d5 9. exd5 cxd5 10. Bg5 c6 11. Qf3 {zwar sind die weisse Dame sowie
die weissen Laeufer aktiv postiert, in Anbetracht seines stabilen Zentrums hat
Schwarz hier dennoch nichts zu fuerchten.} 11... Be7 (11... Bd6 {
stellt die Alternative dar.}) 12. Rfe1 {
zumeist wird hier der andere Turm nach e1 gezogen.} (12. Rae1 Re8 (12... h6 13.
Bxh6 {auch hier ist die in der Partie erfolgende Opferwendung bekannt.} 13...
gxh6 14. Qe3 14... d4 {genuegt laut Mikhalevski zum Ausgleich...} (14... Be6
15. Qxh6 Bd6 16. Qg5+ Kh8 17. f4 Re8 18. Rf3 Ng8 19. Qh5+ Kg7 20. Rg3+ Kf8 21.
Rxg8+ Kxg8 22. Qh7+ Kf8 23. Qh6+ Kg8 24. Bh7+ Kh8 25. Bf5+ Kg8 26. Qh7+ Kf8 27.
Qh8+ Ke7 28. Rxe6+ {1-0 Rublevsky,S-Novik,M/Sochi 1990/TD (28)}) 15. Qxh6 Qd6
16. Qg5+ (16. Ne2 $5 {waere auch hier ein beachtlicher Versuch.} 16... Rd8)
16... Kh8 17. Qh6+ Kg8 18. Qg5+ Kh8 19. f4 Nh7 (19... dxc3 $1 {
fuehrt gemaess Mikhalevski zum Ausgleich.}) 20. Qh5 f5 21. Ne4 Qd8 22. Rf3 Qe8
23. Qxe8 Rxe8 24. Nd6 Bd7 25. Nxe8 Rxe8 26. Re5 Bd6 27. Rxe8+ Bxe8 28. Bxf5 Nf6
29. Be6 Nh5 30. f5 Kg7 31. g4 Nf4 32. Bc4 Kf6 33. h4 c5 34. Ra3 Bb8 35. Ra6+
Kg7 36. f6+ Kf8 37. Ra5 Bd7 38. g5 Ng6 39. h5 Nf4 40. Rxc5 Nxh5 41. Rd5 {
1-0 Andres,M-Pujols,C/Havana 1994/EXT 97 (41)}) (12... Be6 {
zeigt einen weniger erfreulichen Verlauf fuer Berg:} 13. Bf5 Bxf5 14. Qxf5 h6
15. Bh4 Rb8 16. b3 Rb4 17. f4 Re8 18. Kh1 Ne4 19. Bxe7 Qxe7 20. Nxe4 Rxe4 21.
Rxe4 dxe4 22. h3 e3 23. Re1 Qd6 24. Qd3 Qxf4 25. Rf1 Qc7 26. Qe2 Qe5 27. Rd1 h5
28. a4 a5 29. Kg1 g6 30. Rd3 Kg7 31. c3 Qe6 32. c4 Qe5 33. Kf1 Qa1+ 34. Rd1
Qf6+ 35. Kg1 Kg8 36. Rd3 Qe5 37. Kf1 Qa1+ 38. Rd1 Qf6+ 39. Kg1 Qc3 40. Rd3
40... Qxd3 {0-1 Berg,E-Ibragimov,I/Katrineholm 1999/CBM 71 (40)}) 13. Ne2 h6
14. Bf4 Bd6 15. Nd4 Bg4 16. Qg3 Bxf4 17. Qxf4 Qb6 18. c4 Bd7 19. cxd5 cxd5 20.
Rxe8+ Rxe8 21. Qd2 Ne4 22. Bxe4 dxe4 23. b3 Rd8 24. Qc3 f5 25. Rd1 Be6 26. Qe3
Bf7 27. Qc3 f4 28. Rd2 Qf6 29. g3 Rd5 30. a3 Kh7 31. Kg2 Qe5 32. f3 e3 33. Rd3
e2 34. gxf4 e1=Q 35. fxe5 Qxc3 36. Rxc3 Rxd4 37. b4 Bc4 38. Kf2 g5 39. Re3 Rd2+
40. Ke1 Rd3 41. Kf2 Kg6 42. Rxd3 Bxd3 43. Ke3 Bc2 44. Kd4 Kf5 45. Kd5 45... h5
{0-1 Comp Deep Blue-Kasparov,G/Philadelphia 1996 (45)}) 12... h6 {vermutlich
r Sokolov die folgende Wendung nicht bekannt, Weiss erhaelt  Angrifff, ohne
das geringste Risiko einzugehen, da er das Dauerschach stets in der Hand hat.}
(12... Re8 13. h3 h6 14. Bf4 Be6 15. Rad1 Nd7 16. Na4 Nb6 17. Nxb6 axb6 18. a3
Bf6 19. c3 Ra7 20. Bc2 Bg5 21. Be5 Rae7 22. Qg3 f6 23. Bd4 c5 24. h4 cxd4 25.
hxg5 hxg5 26. cxd4 Bg4 27. f3 Bh5 28. Ba4 Rxe1+ 29. Rxe1 Rxe1+ 30. Qxe1 Bf7 31.
Qc3 Be6 32. Bc2 Kf7 33. Kf2 Qd6 34. g3 Ke7 35. b4 Qd8 36. a4 Qc8 37. Qxc8 Bxc8
38. Bd3 Kd6 39. a5 bxa5 40. bxa5 Kc6 41. Ke3 Bh3 42. g4 f5 43. Kf2 fxg4 44. Kg3
{1-0 Mueller,K-Kachiani Gersinska,K/Germany 1997/GER-chT (44)}) 13. Bxh6 $1
13... gxh6 14. Qe3 {Wie oben bereits erwaehnt, hat Weiss auf jeden Fall das
Remis durch Zugwiederholung in der Hand, waehrend Schwarz achtsam spielen muss,
um den weissen Koenigsangriff im Zaum zu halten-Fuer Sokolov sicherlich eine
unbefriedigende und wenig motivierende Situation...} 14... Bd6 $2 {danach spiel
t sich der Rest der Partie wie von selbst fuer den Anziehenden. Schwarz musste
unbedingt den in der Partie folgenden Schwenk des weissen Turms unterbinden.} (
14... Re8 15. Qxh6 Qd6 16. Qg5+ (16. Re3 $1 {erscheint ziemlich naheliegend...}
16... Bg4 (16... Ne4 17. Rg3+) 17. Rg3) 16... Kf8 17. Qh6+ Kg8 18. Qg5+ Kf8 19.
Qh6+ {1/2-1/2 Vargic,D-Jukic,B/Medulin 1997 (19)}) (14... Kg7 15. Qxe7 Qxe7 16.
Rxe7 Be6 17. Re1 Kg8 18. Rc7 Rfc8 19. Rxc8+ Rxc8 20. Ne2 c5 21. Ng3 Kf8 22. Bf5
Rc6 23. f4 h5 24. Bxe6 fxe6 25. h4 Kf7 26. Re5 Ra6 27. a3 Ra4 28. f5 exf5 29.
Nxf5 a6 30. g3 {1/2-1/2 Hari,V-Henriques,S/Patras EM U20w  sp 99/11 1999 (30)})
(14... d4 $1 15. Qxh6 15... Qd6 $1 {Nun sind die Turmfelder e3 und e5
kontrolliert, so dass Weiss, wenn er gewinnen moechte,  den Springer auf die
Reise zum Koenigsfluegel schicken sollte. Ganz klar ist die danach entstehende
Position jedoch nicht.} 16. Ne2 $5 (16. f4 dxc3 17. Re5 (17. Re3 Qc5) 17... Ne4
$1) (16. Qg5+ Kh8 17. Re5 17... Ng4 $1 18. Qxe7 Qxe7 19. Rxe7 dxc3) 16... Rd8
$1 (16... Re8 $6 17. Ng3) 17. Ng3 (17. Nxd4 Bf8 18. Qg5+ Bg7) 17... Bf8) 15.
Qxh6 {jetzt ist nicht ersichtlich, wie Schwarz sich aus dem Klammergriff der
weissen Dame befreien soll-Sokolov findet jedenfalls keine Loesung.} 15... Rb8
(15... Re8 $2 16. Rxe8+) 16. Qg5+ Kh8 17. Qh4+ Kg7 18. Qg5+ Kh8 19. Qh6+ Kg8
20. Re3 $1 {es wird ernst, zunaechst droht einfach 21.Tf3, was den Waechter
des Mattfeldes h7 in toedliche Bedraengnis bringen wuerde.} 20... Bg4 (20...
Rxb2 21. Rf3 Bxh2+ 22. Qxh2) 21. Qg5+ Kh8 22. Qh6+ Kg8 23. Rae1 $1 {naheliegend
, aber stark: wie so oft bringt das Eingreifen der letzten Reserve die
Entscheidung, gegen die Drohung 24.Te5 nebst Tg5+ ist kein Kraut gewachsen.}
23... Bh5 (23... Rxb2 24. Re5 Bxe5 25. Rxe5 Ne4 26. Bxe4 f5 27. Re6) 24. Qg5+
Kh8 25. Rh3 {eine bittere Niederlage fuer Sokolov!} 1-0